Online
Catalog

Programa / (Record no. 45603)

MARC details
000 -CABECERA
campo de control de longitud fija 00759nam a2200205 a 4500
001 - NÚMERO DE CONTROL
campo de control 000046114
005 - FECHA Y HORA DE LA ÚLTIMA TRANSACCIÓN
campo de control 20260417182716.0
008 - DATOS DE LONGITUD FIJA--INFORMACIÓN GENERAL
campo de control de longitud fija 100322s2009 dr 001 p spa d
020 ## - NÚMERO INTERNACIONAL ESTÁNDAR DEL LIBRO
Número Internacional Estándar del Libro 9789945427905
040 ## - FUENTE DE LA CATALOGACIÓN
Centro catalogador/agencia de origen DO-SdBNP
Lengua de catalogación spa
Centro/agencia transcriptor BNPHU
082 ## - NÚMERO DE LA CLASIFICACIÓN DECIMAL DEWEY
Número de clasificación H861.508
Número de documento/Ítem F418m
049 ## - FONDOS LOCALES (OCLC)
Fondos de biblioteca BNPD
111 2# - ENTRADA PRINCIPAL--NOMBRE DE CONGRESO/REUNIÓN
Nombre de congreso/reunión o jurisdicción como elemento de entrada Festival Internacional de Poesía "Clima de Eternidad"
Número del congreso/reunión o número de parte o sección (1º
Fecha del congreso/reunión 2007: 26-29 abr.
Sede del congreso/Lugar de la reunión Santo Domingo)
9 (RLIN) 74176
245 10 - MENCIÓN DE TÍTULO
Título Programa /
Mención de responsabilidad, etc. Selección y edición Pablo Reyes y León Félix Batista.
260 ## - PUBLICACIÓN, DISTRIBUCIÓN, ETC.
Lugar de publicación, distribución, etc. Santo Domingo :
Nombre del editor, distribuidor, etc. Secretaría de Estado de Cultura,.
300 ## - DESCRIPCIÓN FÍSICA
Extensión [14] p. : ;
Dimensiones 22 cm.
500 ## - NOTA GENERAL
Nota general Año del libro y la lectura
650 #4 - PUNTO DE ACCESO ADICIONAL DE MATERIA--TÉRMINO DE MATERIA
Término de materia o nombre geográfico como elemento de entrada Poesía hispanoamericana
Subdivisión general Congresos, conferencias, etc.
9 (RLIN) 37952
650 #0 - PUNTO DE ACCESO ADICIONAL DE MATERIA--TÉRMINO DE MATERIA
Término de materia o nombre geográfico como elemento de entrada Literatura hispanoamericana
9 (RLIN) 318
Holdings
Estado de retiro Estado de pérdida No para préstamo Código de colección Localización permanente Ubicación/localización actual Ubicación en estantería Fecha de adquisición Número de inventario Total de préstamos Signatura topográfica completa Código de barras Fecha visto por última vez Precio válido a partir de Tipo de ítem Koha Nota pública
    Excluido de préstamo Patrimonio Dominicano Patrimonio Dominicano Patrimonio Dominicano Depósito 24.06.2015 LF1   H861.508 F418m 46114-10 25.06.2020 25.06.2020 Libro y Folleto Colección Patrimonio Dominicano Perteneció a la biblioteca personal de Chiqui Vicioso / Fidelio Despradel.

Powered by Koha